| 000 | 02745nam a2200361 i 4500 | ||
|---|---|---|---|
| 999 |
_c65503 _d65503 |
||
| 001 | 768714001 | ||
| 003 | CO-MdFUSB | ||
| 005 | 20200908155403.0 | ||
| 007 | ta | ||
| 008 | 200324t2011 -us||||| |||| 00| 0 eng d | ||
| 020 | _a9780801045585 | ||
| 040 |
_aCO-MdFUSB _bspa _cCO-MdFUSB _dCO-MdFUSBC _erda |
||
| 041 | _aeng | ||
| 082 |
_223 _a225.92 _bB351 |
||
| 100 |
_aBaur, Ferdinand Christian. _eautor |
||
| 242 |
_aPablo el Apostol de Jesucristo su trabajo, sus Epistolas y enseñanzas _linglès |
||
| 245 |
_aPaul the apostle of Jesus Christ his life and Works _b: His epistles and teachings. _c/ Baur, Ferdinand Christian. |
||
| 264 | 1 |
_aEstados Unidos : _bBaker Academic, _c[2011] |
|
| 264 | 4 | _c© 2011 | |
| 300 |
_a340 pàginas _c; 22 cm |
||
| 336 |
_2rdacontent _atexto _btxt |
||
| 337 |
_2rdamedia _asin mediación _bn |
||
| 338 |
_2rdacarrier _avolumen _bnc |
||
| 500 | _aColección Dawn Christina Harrell | ||
| 500 | _a2 Volúmenes en 1 | ||
| 505 | _aVida y obra del apóstol Pablo, introducción - La iglesia en Jerusalén antes de la conversión del apóstol - Esteban, el predecesor del apóstol Pablo - La conversión del apóstol Pablo - El primer viaje misionero del apóstol - - Las transacciones entre el Apóstol Pablo y los Apóstoles mayores en Jerusalén - El segundo viaje misionero del Apóstol - El Apóstol en Atenas, Corinto, Éfeso - Su viaje a Jerusalén por Mileto - El arresto del Apóstol en Jerusalén - - El Apóstol en Roma - Su encarcelamiento y martirio - Pt. 2: Las Epístolas del Apóstol Pablo, introducción - La Epístola a los Gálatas - Las dos Epístolas a los Corintios - La Epístola a los Romanos - Volumen 2: Segunda clase de Epístolas Paulinas - Las Epístolas a los Efesios y Colosenses - La Epístola a los Filipenses - La Epístola a Filemón - Las Epístolas a los Tesalonicenses - Las Epístolas Pastorales - Observaciones generales sobre las Epístolas Paulinas más pequeñas - Pt. 3: La doctrina del Apóstol, introducción - El principio de la conciencia cristiana - La doctrina de la Justificación: en su aspecto negativo - La doctrina de la Justificación: en su aspecto positivo - Cristo como principio de la sociedad fundada por Él - La relación del cristianismo con el judaísmo y el paganismo - El cristianismo como un nuevo principio del desarrollo histórico del mundo - Fe, amor y esperanza: los tres factores de la conciencia cristiana - Discusión especial de ciertos puntos menores de doctrina - Sobre ciertos rasgos del carácter del Apóstol. | ||
| 563 | _aRústico | ||
| 600 | 7 |
_aPablo, _cApóstol _xVida social y costumbres |
|
| 650 | 0 |
_9360 _aBiblia _bEvidencias, autoridad, etc. |
|
| 942 | _cBK | ||
| 945 |
_aJTF-925 _bAEM-53 |
||